000 00771nam a22002537a 4500
003 dpl
005 20170124105943.0
008 161216b xxu||||| |||| 00| 0 eng d
010 _aA-169290
020 _c00.00
035 _aA-169290
037 _bCen Lib/Ret
040 _aDPL
_bEN
_ctit
082 _a240.7
_bROY
100 _aRoy, Ashim Kumar
_911617
245 _aA history of the Jainas /
_cby Ashim Kumar Roy
260 _aNew Delhi
_bGitanjali Publishing House
_c1994
270 _a2/12 Vikram Vihar, Lajpat Nagar- IV
_bNew Delhi
_e110024
300 _a179p.
_c22cm(Hb)
500 _aIncludes bibliographical references and index
650 _aJainism -- History
_911618
650 _aJainism
_972411
942 _2ddc
_cEN
_h240.7
_mROY
999 _c124689
_d124689